[Event "40th Olympiad Open"]
[Site "Istanbul TUR"]
[Date "2012.09.03"]
[Round "6.41"]
[Board "3"]
[White "Urkedal, Frode"]
[Black "Ahmed, Haseeb"]
[Result "1-0"]
[WhiteTitle "IM"]
[WhiteElo "2473"]
[BlackElo "2296"]
[WhiteTeam "Norway"]
[BlackTeam "Pakistan"]
[WhiteFideId "1506102"]
[BlackFideId "7800096"]
[EventDate "2012.08.28"]

1. d4 d5 2. c4 e6 3. Nc3 c6 4. e4 dxe4 5. Nxe4 Bb4+ 6. Bd2 Qxd4 7. Bxb4 Qxe4+ 8.
Be2 Qxg2 9. Bf3 Qg6 10. Ne2 Nd7 11. Rg1 Qf6 12. Nc3 c5 13. Ne4 Qf4 14. Nd6+ Ke7
15. Ba5 Ngf6 16. Bc7 Kf8 17. Nb5 e5 18. Bd6+ Kg8 19. Nc7 Rb8 20. Nd5 Nxd5 21.
Bxd5 Ra8 22. Qh5 g6 23. Rxg6+ 1-0

[Event "40th Olympiad Open"]
[Site "Istanbul TUR"]
[Date "2012.09.03"]
[Round "6.42"]
[Board "2"]
[White "Li Ying, Patrick"]
[Black "Kawuma, Patrick"]
[Result "1/2-1/2"]
[WhiteTitle "CM"]
[BlackTitle "CM"]
[WhiteElo "2120"]
[BlackElo "2209"]
[WhiteTeam "Mauritius"]
[BlackTeam "Uganda"]
[WhiteFideId "9700056"]
[BlackFideId "10000127"]
[EventDate "2012.08.28"]

1. d4 Nf6 2. Bf4 g6 3. e3 Bg7 4. Nf3 O-O 5. Be2 d6 6. O-O b6 7. c3 Bb7 8. Nbd2
Nbd7 9. h3 Qe8 10. Nc4 Ne4 11. a4 a6 12. Qc2 e5 13. Bh2 Qe7 14. Nfd2 Ng5 15.
Rae1 e4 16. Na3 f5 17. a5 b5 18. Qb3+ Ne6 19. c4 c6 20. Rc1 Kh8 21. Rfd1 Rac8
22. cxb5 cxb5 23. Qb4 f4 24. Bg4 g5 25. Nac4 Rfe8 26. Bh5 d5 27. Qxe7 Rxe7 28.
Nd6 Rxc1 29. Rxc1 Nf6 30. Bf7 Nd8 31. exf4 Nxf7 32. Nf5 Rd7 33. Nb3 Bf8 34. fxg5
Nxg5 35. Be5 Rf7 36. Nc5 Bc8 37. Nxe4 1/2-1/2

[Event "40th Olympiad Open"]
[Site "Istanbul TUR"]
[Date "2012.09.03"]
[Round "6.42"]
[Board "3"]
[White "Wanyama, Harold"]
[Black "Seegolam, Pradeep"]
[Result "1-0"]
[WhiteElo "2159"]
[BlackElo "2041"]
[WhiteTeam "Uganda"]
[BlackTeam "Mauritius"]
[WhiteFideId "10000380"]
[BlackFideId "9700080"]
[EventDate "2012.08.28"]

1. d4 d5 2. c4 e6 3. Nc3 Be7 4. Nf3 Nf6 5. cxd5 exd5 6. Bf4 O-O 7. Qc2 c5 8.
dxc5 Bxc5 9. O-O-O Qa5 10. Nd4 Bxd4 11. Rxd4 Nc6 12. Ra4 Qb6 13. e3 Bd7 14. Bd6
Rfc8 15. Rh4 g6 16. Rf4 Nd4 17. Rxd4 Qxd6 18. Kb1 b5 19. Qb3 Rc5 20. Be2 Qc6 21.
g4 Rc8 22. Rhd1 Ne4 23. Rc1 a6 24. Bf3 Be6 25. Bxe4 dxe4 26. Qd1 f5 27. gxf5
Bxf5 28. Rd6 Qe8 29. Rxa6 Be6 30. Qd6 Bc4 31. Rb6 Qf7 32. a3 Bd3+ 33. Ka1 b4 34.
Rxb4 Qxf2 35. Rb7 Qxe3 36. Qe6+ 1-0

[Event "40th Olympiad Open"]
[Site "Istanbul TUR"]
[Date "2012.09.03"]
[Round "6.45"]
[Board "1"]
[White "Wiedenkeller, Michael"]
[Black "Machin Rivera, Mark"]
[Result "1/2-1/2"]
[WhiteTitle "IM"]
[BlackTitle "FM"]
[WhiteElo "2475"]
[BlackElo "2323"]
[WhiteTeam "Luxembourg"]
[BlackTeam "Puerto Rico"]
[WhiteFideId "1700146"]
[BlackFideId "3101126"]
[EventDate "2012.08.28"]

1. d4 Nf6 2. c4 g6 3. Nc3 Bg7 4. e4 d6 5. f3 O-O 6. Be3 a6 7. Nge2 Nbd7 8. Qd2
c5 9. dxc5 dxc5 10. O-O-O Qc7 11. Nf4 e6 12. Be2 b6 13. h4 h5 14. Kb1 Bb7 15.
Qd6 Qxd6 16. Rxd6 Rfd8 17. Rhd1 Bf8 18. R6d2 Be7 19. Nd3 Ne8 20. g3 Bc6 21. e5
Ng7 22. Bf2 Nf5 23. a3 Nd4 24. Bxd4 cxd4 25. Na2 Ba4 26. Re1 Rac8 27. Nac1 a5
28. f4 Nc5 29. Nxc5 bxc5 30. b3 Rb8 31. Ka2 Bc6 32. Bd1 a4 33. bxa4 Ra8 34. Nd3
Bxa4 35. Bxa4 Rxa4 36. Nb2 Ra7 37. Rd3 Rda8 38. Rb3 Bd8 39. Nd3 Ba5 40. Rd1 Bb4
41. Nxb4 cxb4 42. Rdd3 Ra4 43. c5 Kf8 44. Rxd4 Rxa3+ 45. Rxa3 Rxa3+ 46. Kb2 Rc3
47. Rxb4 1/2-1/2

[Event "40th Olympiad Open"]
[Site "Istanbul TUR"]
[Date "2012.09.03"]
[Round "6.45"]
[Board "3"]
[White "Wagener, Claude"]
[Black "Almedina Ortiz, Edgardo J"]
[Result "1-0"]
[WhiteTitle "FM"]
[BlackTitle "FM"]
[WhiteElo "2261"]
[BlackElo "2247"]
[WhiteTeam "Luxembourg"]
[BlackTeam "Puerto Rico"]
[WhiteFideId "4000471"]
[BlackFideId "3100197"]
[EventDate "2012.08.28"]

1. e4 e5 2. Nf3 Nf6 3. Nxe5 d6 4. Nf3 Nxe4 5. Bd3 Nf6 6. h3 Be7 7. O-O O-O 8. c3
d5 9. Bc2 b6 10. d4 Bb7 11. Re1 Ne4 12. Nbd2 f5 13. Ne5 Nd7 14. Ndf3 Ndf6 15.
Ng5 Qc8 16. f3 Nxg5 17. Bxg5 Bd6 18. Qd2 Nh5 19. Bh4 c5 20. Qg5 g6 21. Nxg6 hxg6
22. Qxg6+ Ng7 23. Qxd6 cxd4 24. Re7 dxc3 25. Rae1 Qc6 26. Qg3 1-0

[Event "40th Olympiad Open"]
[Site "Istanbul TUR"]
[Date "2012.09.03"]
[Round "6.45"]
[Board "4"]
[White "Montanez Nazario, Roberto"]
[Black "Schartz, Alain"]
[Result "1/2-1/2"]
[WhiteElo "2144"]
[BlackElo "2158"]
[WhiteTeam "Puerto Rico"]
[BlackTeam "Luxembourg"]
[WhiteFideId "3100316"]
[BlackFideId "4000765"]
[EventDate "2012.08.28"]

1. g3 d5 2. Bg2 Nf6 3. Nf3 c6 4. O-O Bg4 5. Ne5 Bh5 6. c4 e6 7. d4 Nbd7 8. cxd5
exd5 9. Nxd7 Qxd7 10. Nc3 Be7 11. Qb3 O-O 12. Bg5 h6 13. Bf4 Bg6 14. a4 a5 15.
Rad1 Rfe8 16. Rfe1 Bb4 17. Bd2 Bf5 18. Na2 Bd6 19. Nc3 Bb4 20. Na2 Bd6 21. Nc3 1/2-1/2

[Event "40th Olympiad Open"]
[Site "Istanbul TUR"]
[Date "2012.09.03"]
[Round "6.46"]
[Board "1"]
[White "Kojima, Shinya"]
[Black "Jones, Richard S."]
[Result "1/2-1/2"]
[WhiteTitle "FM"]
[BlackTitle "IM"]
[WhiteElo "2282"]
[BlackElo "2393"]
[WhiteTeam "Japan"]
[BlackTeam "Wales"]
[WhiteFideId "7000812"]
[BlackFideId "1800833"]
[EventDate "2012.08.28"]

1. Nf3 d5 2. d4 Nf6 3. c4 c6 4. Nc3 dxc4 5. a4 Bf5 6. e3 e6 7. Bxc4 Bb4 8. O-O
O-O 9. Qe2 Bg6 10. Ne5 Nbd7 11. Nxg6 hxg6 12. Rd1 Qa5 13. e4 e5 14. d5 Nb6 15.
dxc6 bxc6 16. Bd3 Rfd8 17. Be3 Nbd7 18. Bc4 Nb6 19. Bd3 Nbd7 20. Bc4 Nb6 21. Bd3 1/2-1/2

[Event "40th Olympiad Open"]
[Site "Istanbul TUR"]
[Date "2012.09.03"]
[Round "6.46"]
[Board "2"]
[White "Kett, Tim"]
[Black "Nanjo, Ryosuke"]
[Result "0-1"]
[BlackTitle "CM"]
[WhiteElo "2237"]
[BlackElo "2316"]
[WhiteTeam "Wales"]
[BlackTeam "Japan"]
[WhiteFideId "1801210"]
[BlackFideId "7000634"]
[EventDate "2012.08.28"]

1. d4 f5 2. Nf3 e6 3. g3 Nf6 4. Bg2 Be7 5. O-O O-O 6. c4 d6 7. Nc3 a5 8. b3 Ne4
9. Bb2 Nxc3 10. Bxc3 Qe8 11. Qd2 a4 12. Qc2 Nd7 13. b4 Nf6 14. Rab1 Ne4 15. c5
Bd7 16. Nd2 Nxc3 17. Qxc3 d5 18. Nf3 Bb5 19. Qe3 Bf6 20. Ne5 Rc8 21. h3 Qe7 22.
Kh2 Bxe5 23. Qxe5 Bc4 24. Rb2 f4 25. gxf4 Rf5 26. Qe3 Rcf8 27. Bf3 Rxf4 28. Rg1
Qf6 29. Rd2 c6 30. Rg3 Kh8 31. a3 Rf5 32. Rg2 e5 33. dxe5 Rxe5 34. Qd4 Rfe8 35.
Qg4 R5e7 36. e3 Qc3 37. Rd4 Bd3 38. Qg5 Rf7 39. Bh5 g6 40. Bd1 Be4 41. f3 Bxf3
42. Bxf3 Rxf3 43. Rh4 Qe5+ 44. Qxe5+ Rxe5 45. Rxg6 Rexe3 46. Rgh6 Rf7 47. Rd6
Kg7 48. Rg4+ Kf8 49. Rd8+ Ke7 50. Rgg8 Rxa3 51. Rde8+ Kf6 52. Rg2 Rf3 53. Rd2
Rf4 54. b5 cxb5 55. Rxd5 b4 56. Kg3 Rf5 57. Rd4 Rxc5 58. Rxb4 b5 59. Rf4+ Rf5
60. Rb8 Rxf4 61. Kxf4 Kg6+ 62. Ke4 Rf5 63. Rb6+ Kg5 64. h4+ Kg4 65. Rb7 Rf4+ 66.
Ke3 Rb4 67. Rxh7 a3 68. Ra7 Rb3+ 69. Kd4 b4 70. Rg7+ Kxh4 71. Rg1 a2 72. Ra1 Rb2 0-1

[Event "40th Olympiad Open"]
[Site "Istanbul TUR"]
[Date "2012.09.03"]
[Round "6.46"]
[Board "3"]
[White "Watanabe, Akira"]
[Black "Dineley, Richard"]
[Result "1/2-1/2"]
[WhiteTitle "FM"]
[WhiteElo "2278"]
[BlackElo "2259"]
[WhiteTeam "Japan"]
[BlackTeam "Wales"]
[WhiteFideId "7000227"]
[BlackFideId "1800680"]
[EventDate "2012.08.28"]

1. d4 d5 2. c4 e6 3. Nf3 c6 4. cxd5 exd5 5. Nc3 Bf5 6. Qb3 Qb6 7. Qxb6 axb6 8.
Nh4 Be6 9. h3 Be7 10. Nf3 Nf6 11. Bf4 b5 12. e3 b4 13. Nb1 Ne4 14. Nbd2 f5 15.
Bd3 Nd7 16. Ke2 O-O 17. Ne5 Nxe5 18. Bxe5 Ra7 19. Bc2 b6 20. f3 Nxd2 21. Kxd2
Rfa8 22. g4 Rxa2 23. Rxa2 Rxa2 24. gxf5 Rxb2 25. fxe6 b3 26. Kc3 Rxc2+ 27. Kxb3
Re2 28. Ra1 Rxe3+ 29. Kb2 Re2+ 30. Kb3 Re3+ 31. Kb2 Re2+ 1/2-1/2

[Event "40th Olympiad Open"]
[Site "Istanbul TUR"]
[Date "2012.09.03"]
[Round "6.47"]
[Board "1"]
[White "Dive, Russell John"]
[Black "Ziska, Helgi Dam"]
[Result "1/2-1/2"]
[WhiteTitle "IM"]
[BlackTitle "IM"]
[WhiteElo "2334"]
[BlackElo "2469"]
[WhiteTeam "New Zealand"]
[BlackTeam "Faroe Islands"]
[WhiteFideId "4300106"]
[BlackFideId "7200595"]
[EventDate "2012.08.28"]

1. Nf3 Nf6 2. c4 g6 3. b4 Bg7 4. Bb2 O-O 5. g3 d6 6. Bg2 e5 7. d3 a5 8. a3 e4 9.
dxe4 Nxe4 10. Bxg7 Kxg7 11. Qd4+ Qf6 12. Nbd2 Re8 13. b5 Nc5 14. e3 Nbd7 15. O-O
h6 16. Rfe1 Nb6 17. h4 Be6 18. Bf1 a4 19. Qxf6+ Kxf6 20. Nd4 g5 21. hxg5+ hxg5
22. Rac1 g4 23. Be2 Nbd7 24. Kg2 Ne5 25. Rh1 Rh8 26. Rxh8 Rxh8 27. Rh1 Rxh1 28.
Kxh1 d5 29. cxd5 Bxd5+ 30. Kg1 Nb3 31. Nb1 Na5 32. Kf1 Bb3 33. Ke1 c5 34. bxc6
bxc6 35. Kd2 c5 36. Nxb3 axb3 37. Kc3 Ke6 38. Nd2 c4 39. Kb4 Nec6+ 40. Kc3 Ne5
41. Kb4 Nec6+ 42. Kc3 Ne5 43. Kb4 Nec6+ 1/2-1/2

[Event "40th Olympiad Open"]
[Site "Istanbul TUR"]
[Date "2012.09.03"]
[Round "6.47"]
[Board "2"]
[White "Nilssen, John Arni"]
[Black "Croad, Nicolas"]
[Result "0-1"]
[WhiteTitle "IM"]
[BlackTitle "FM"]
[WhiteElo "2372"]
[BlackElo "2255"]
[WhiteTeam "Faroe Islands"]
[BlackTeam "New Zealand"]
[WhiteFideId "7200137"]
[BlackFideId "4300793"]
[EventDate "2012.08.28"]

1. d4 Nf6 2. c4 e6 3. Nc3 Bb4 4. Qc2 O-O 5. a3 Bxc3+ 6. Qxc3 d6 7. Bg5 Nbd7 8.
e3 b6 9. Ne2 Ba6 10. Qb3 c5 11. Rd1 Rc8 12. Qa4 Bb7 13. Nc3 Bc6 14. Qc2 cxd4 15.
Rxd4 Qc7 16. Qd1 Qb7 17. f3 d5 18. cxd5 Nxd5 19. Nxd5 Bxd5 20. e4 Bc6 21. b4 b5
22. Be2 Nb6 23. e5 Nd5 24. Qd2 Qc7 25. f4 Bb7 26. O-O a6 27. Bd3 Qc3 28. Qf2 h6
29. Bxh6 gxh6 30. f5 exf5 31. Qg3+ Kh8 32. Qh4 Rc6 33. Bxf5 Qe3+ 34. Kh1 Rc1 35.
Rdd1 Rxd1 36. Rxd1 Qg5 0-1

[Event "40th Olympiad Open"]
[Site "Istanbul TUR"]
[Date "2012.09.03"]
[Round "6.47"]
[Board "4"]
[White "Nielsen, Rogvi Egilstoft"]
[Black "Li, Zuhao Luke"]
[Result "0-1"]
[WhiteElo "2203"]
[BlackElo "2227"]
[WhiteTeam "Faroe Islands"]
[BlackTeam "New Zealand"]
[WhiteFideId "7200447"]
[BlackFideId "4303431"]
[EventDate "2012.08.28"]

1. e4 e6 2. d4 d5 3. Nc3 Nc6 4. Nf3 Nf6 5. Bg5 Be7 6. e5 Ne4 7. Bxe7 Qxe7 8. a3
Nxc3 9. bxc3 O-O 10. Bd3 Na5 11. h4 f5 12. exf6 Rxf6 13. h5 Bd7 14. Ne5 Nc6 15.
Ng4 Rf7 16. h6 g6 17. O-O e5 18. Ne3 Be6 19. Bb5 Qg5 20. Bxc6 bxc6 21. dxe5 Rf4
22. g3 Raf8 23. Ng2 Rc4 24. Qc1 Qxe5 25. Re1 Qf6 26. Qe3 Bh3 27. Nf4 Re4 28. Qd3
Bf5 29. Rxe4 Bxe4 30. Qe3 Qg5 31. Ng2 Qg4 32. f4 Qh3 33. Qd2 Qxg3 34. Re1 Bxg2
35. Re3 Bf3+ 36. Kf1 Qxf4 37. Qf2 Bg2+ 0-1

[Event "40th Olympiad Open"]
[Site "Istanbul TUR"]
[Date "2012.09.03"]
[Round "6.48"]
[Board "2"]
[White "Gentilleau, Jean-Philippe"]
[Black "Win, Tun"]
[Result "1/2-1/2"]
[WhiteTitle "FM"]
[WhiteElo "2205"]
[BlackElo "2174"]
[WhiteTeam "Monaco"]
[BlackTeam "Myanmar"]
[WhiteFideId "5400074"]
[BlackFideId "13003100"]
[EventDate "2012.08.28"]

1. e4 e5 2. Nf3 Nf6 3. Nc3 Nc6 4. Bb5 Bb4 5. O-O O-O 6. d3 d6 7. Bg5 Bxc3 8.
bxc3 Qe7 9. Re1 Nd8 10. d4 Bg4 11. h3 Bxf3 12. Qxf3 Ne6 13. Be3 c6 14. Bd3 Nd7
15. Rab1 b6 16. a4 a6 17. Qe2 b5 18. d5 cxd5 19. exd5 Nec5 20. axb5 axb5 21.
Bxb5 f5 22. f4 Ne4 23. Rb3 exf4 24. Bxf4 Ndc5 25. Rb4 Ra3 26. Qe3 Qf6 27. Qd4
Qh4 28. Rf1 Rf6 29. Bxd6 Rxd6 30. Qxc5 Nxc5 31. Rxh4 Rxc3 32. Rc4 Rxc4 33. Bxc4
g6 34. Bb5 Kg7 35. c4 Kf6 36. Ra1 Ke5 37. Ra7 h6 38. Re7+ Kd4 39. h4 g5 40. Kh2
Ne4 41. Re6 f4 42. Rxd6 Nxd6 43. hxg5 hxg5 44. Kh3 Ke5 45. Kg4 Nf5 46. Kxg5 Ne3 1/2-1/2

[Event "40th Olympiad Open"]
[Site "Istanbul TUR"]
[Date "2012.09.03"]
[Round "6.48"]
[Board "3"]
[White "Myo Naing"]
[Black "Van Hoolandt, Patrick"]
[Result "1-0"]
[WhiteTitle "IM"]
[BlackTitle "FM"]
[WhiteElo "2312"]
[BlackElo "2171"]
[WhiteTeam "Myanmar"]
[BlackTeam "Monaco"]
[WhiteFideId "13000071"]
[BlackFideId "200999"]
[EventDate "2012.08.28"]

1. e4 e5 2. Nf3 Nc6 3. Bb5 Nf6 4. Qe2 Bc5 5. c3 Qe7 6. O-O O-O 7. d3 a6 8. Ba4
d6 9. h3 Bd7 10. Re1 Ba7 11. Bb3 Be6 12. Bc2 h6 13. Nbd2 Nd7 14. Nf1 f5 15. exf5
Bxf5 16. Ng3 Bg6 17. Be3 Rae8 18. Bxa7 Nxa7 19. d4 Bxc2 20. Qxc2 Rf7 21. dxe5
Nxe5 22. Nxe5 dxe5 23. Re2 Nc6 24. Rae1 a5 25. a3 b6 26. b4 axb4 27. axb4 Qf6
28. Re3 g6 29. Qe2 Kh7 30. Ne4 Qe6 31. Nd2 Qd5 32. Nf3 Rfe7 33. b5 Na5 34. Nxe5
Nb3 35. f4 Nc5 36. Qc2 Qg8 37. f5 Rxe5 38. Rxe5 Rxe5 39. Rxe5 gxf5 40. Qxf5+ Kh8
41. Qf6+ 1-0

[Event "40th Olympiad Open"]
[Site "Istanbul TUR"]
[Date "2012.09.03"]
[Round "6.48"]
[Board "4"]
[White "Nelis, Jean-Francois"]
[Black "Aung, Kyaw Moe"]
[Result "1/2-1/2"]
[WhiteElo "2207"]
[BlackElo "2149"]
[WhiteTeam "Monaco"]
[BlackTeam "Myanmar"]
[WhiteFideId "623830"]
[BlackFideId "6200281"]
[EventDate "2012.08.28"]

1. e4 d5 2. exd5 Qxd5 3. Nc3 Qe5+ 4. Be2 c6 5. d4 Qc7 6. Nf3 Bf5 7. d5 Nf6 8.
Nd4 Bd7 9. O-O Nxd5 10. Ndb5 Qc8 11. Nxd5 cxd5 12. Bf4 Bxb5 13. Bxb5+ Nc6 14.
Qxd5 e6 15. Qd4 a6 16. Bxc6+ Qxc6 17. Rad1 f6 18. Rfe1 Bc5 19. Qe4 Qxe4 20. Rxe4
e5 21. Bxe5 Kf7 22. Bf4 Rad8 23. Ree1 Rhe8 24. Kf1 Rxe1+ 25. Rxe1 g5 26. Bc1 Bb4
27. c3 Bd6 28. Rd1 g4 29. Bf4 Bc7 30. Rxd8 Bxd8 31. Ke2 Ke6 32. f3 f5 33. Kd3
Kd5 34. c4+ Ke6 35. fxg4 fxg4 36. Ke4 Bf6 37. b3 h5 38. Be3 Be5 39. Bf4 Bf6 40.
Be3 Be5 41. h3 gxh3 42. gxh3 Bg3 43. Bd4 Bh2 44. a4 Bd6 45. c5 Bg3 46. b4 Be1
47. b5 axb5 48. axb5 Bg3 49. Be3 Kd7 50. Kd5 Bh2 51. Bd4 Bg3 52. Be5 Bf2 53. Bf4
Bg1 54. Bg3 Be3 55. h4 Bg1 56. c6+ bxc6+ 57. bxc6+ Kc8 58. Ke6 Bb6 59. Kf5 Bd8
60. Ke6 Bb6 61. Be5 Bf2 62. Bf6 Be1 63. Kd6 Bg3+ 64. Kd5 Bf2 65. Be7 Be1 66. Kd6
Bg3+ 67. Ke6 Be1 68. Ke5 Bg3+ 69. Ke4 Kc7 70. Kd5 Kc8 71. Bf6 Be1 1/2-1/2

[Event "40th Olympiad Open"]
[Site "Istanbul TUR"]
[Date "2012.09.03"]
[Round "6.49"]
[Board "1"]
[White "Eid, Fadi"]
[Black "Melas, Renos"]
[Result "0-1"]
[WhiteTitle "IM"]
[WhiteElo "2377"]
[BlackElo "2108"]
[WhiteTeam "Lebanon"]
[BlackTeam "Cyprus"]
[WhiteFideId "5300118"]
[BlackFideId "5900166"]
[EventDate "2012.08.28"]

1. e4 e6 2. d4 d5 3. Nc3 Bb4 4. Ne2 dxe4 5. a3 Be7 6. Nxe4 Nf6 7. Qd3 Nbd7 8.
Bf4 Nxe4 9. Qxe4 Nf6 10. Qf3 O-O 11. O-O-O Qd5 12. Bxc7 Qxf3 13. gxf3 b5 14. Nc3
Bb7 15. Bg2 b4 16. axb4 Bxb4 17. Ne4 Nd5 18. Bd6 Rfd8 19. Bxb4 Nxb4 20. c3 Nd5
21. Nc5 Bc6 22. f4 Ne7 23. Bxc6 Nxc6 24. f5 exf5 25. Rhe1 Rd5 26. Kc2 a5 27. b3
g5 28. Nd3 Kg7 29. f4 g4 30. Ne5 Nxe5 31. Rxe5 Rxe5 32. dxe5 a4 33. b4 a3 34.
Kb3 a2 35. Ra1 Kf8 36. c4 Ke7 37. c5 Kd7 38. b5 Kc7 39. Kc4 h5 40. Kb4 h4 41.
Kb3 g3 42. hxg3 hxg3 43. Kc3 g2 0-1

[Event "40th Olympiad Open"]
[Site "Istanbul TUR"]
[Date "2012.09.03"]
[Round "6.49"]
[Board "2"]
[White "Aristotelous, Vassilis"]
[Black "Khairallah, Faisal"]
[Result "1/2-1/2"]
[BlackTitle "FM"]
[WhiteElo "1938"]
[BlackElo "2308"]
[WhiteTeam "Cyprus"]
[BlackTeam "Lebanon"]
[WhiteFideId "5900468"]
[BlackFideId "4628250"]
[EventDate "2012.08.28"]

1. e4 c5 2. Nc3 Nc6 3. f4 e6 4. Nf3 Nge7 5. Bb5 a6 6. Bxc6 Nxc6 7. d3 Be7 8. O-O
O-O 9. f5 exf5 10. Nd5 d6 11. Bd2 Be6 12. Nxe7+ Nxe7 13. Ng5 h6 14. exf5 Bxf5
15. Ne4 Rc8 16. Ng3 Bg6 17. Qf3 d5 18. Rae1 Rc6 19. Qg4 Qc8 20. Qh4 Nf5 21. Nxf5
Bxf5 22. Re5 Bg6 23. Rxd5 c4 24. Bc3 cxd3 25. cxd3 Qc7 26. Kh1 Qb6 27. Qg3 Qc7
28. Qg4 Qb6 29. h4 h5 30. Qg5 Re6 31. Qg3 Re3 32. Rf3 Rxf3 33. gxf3 Qe6 34. Rxh5
Qe2 35. Rg5 Re8 36. Be5 Rc8 37. Bc3 Re8 38. Be5 Rc8 39. Bc3 Ra8 1/2-1/2

[Event "40th Olympiad Open"]
[Site "Istanbul TUR"]
[Date "2012.09.03"]
[Round "6.49"]
[Board "3"]
[White "El Jawich, Amro"]
[Black "Constantinou, Pavlos"]
[Result "1-0"]
[WhiteTitle "FM"]
[WhiteElo "2166"]
[BlackElo "2064"]
[WhiteTeam "Lebanon"]
[BlackTeam "Cyprus"]
[WhiteFideId "5300380"]
[BlackFideId "5900328"]
[EventDate "2012.08.28"]

1. e4 c5 2. Nf3 Nc6 3. d4 cxd4 4. Nxd4 g6 5. Nc3 Bg7 6. Nde2 Nf6 7. g3 O-O 8.
Bg2 d6 9. O-O Bd7 10. h3 Rc8 11. f4 Qb6+ 12. Kh2 Qc5 13. Bf3 Rfd8 14. Rb1 b5 15.
g4 b4 16. Na4 Qb5 17. b3 Be6 18. c4 bxc3 19. Nexc3 Qa5 20. Bd2 Nd4 21. Nd5 Nxf3+
22. Rxf3 Qb5 23. Nxe7+ Kh8 24. Nxc8 Rxc8 25. Nc3 Qa5 26. Rc1 Nxg4+ 27. hxg4 Bxg4
28. Nd5 Rxc1 29. Qxc1 Qd8 30. Rg3 Qh4+ 31. Kg2 1-0

[Event "40th Olympiad Open"]
[Site "Istanbul TUR"]
[Date "2012.09.03"]
[Round "6.49"]
[Board "4"]
[White "Antoniou, Antonis"]
[Black "Kassis, Antoine LIB"]
[Result "1/2-1/2"]
[WhiteTitle "CM"]
[BlackTitle "CM"]
[WhiteElo "2205"]
[BlackElo "2209"]
[WhiteTeam "Cyprus"]
[BlackTeam "Lebanon"]
[WhiteFideId "5900123"]
[BlackFideId "5300150"]
[EventDate "2012.08.28"]

1. e4 c5 2. Nf3 Nc6 3. d4 cxd4 4. Nxd4 e5 5. Nb5 a6 6. Nd6+ Bxd6 7. Qxd6 Qf6 8.
Qxf6 Nxf6 9. Nc3 Nb4 10. Bd3 h6 11. Be3 Nxd3+ 12. cxd3 d6 13. f3 Bd7 14. d4 Rc8
15. Rc1 O-O 16. Kd2 Rfe8 17. g3 b5 18. Nb1 Bc6 19. d5 Bb7 20. Rc3 Rxc3 21. Kxc3
Rc8+ 22. Kd3 Nd7 23. Rc1 Rxc1 24. Bxc1 f5 25. Nd2 fxe4+ 26. fxe4 Nc5+ 27. Ke3
Bc8 28. b3 Bg4 29. Ba3 Nb7 30. Bb4 Kf7 1/2-1/2

[Event "40th Olympiad Open"]
[Site "Istanbul TUR"]
[Date "2012.09.03"]
[Round "6.50"]
[Board "1"]
[White "Mesfin, Leykun"]
[Black "Mohamed, Hassan MDV"]
[Result "1-0"]
[WhiteElo "2115"]
[BlackElo "1790"]
[WhiteTeam "Ethiopia"]
[BlackTeam "Maldives"]
[WhiteFideId "15700097"]
[BlackFideId "16700058"]
[EventDate "2012.08.28"]

1. e4 c6 2. d4 d5 3. Nc3 dxe4 4. Nxe4 Nf6 5. Nxf6+ exf6 6. Bc4 Be7 7. Ne2 O-O 8.
O-O Bf5 9. Ng3 Bg6 10. h4 Bd6 11. h5 Bxg3 12. hxg6 Bc7 13. gxf7+ Kh8 14. c3 Qd6
15. g3 Nd7 16. Bf4 Ne5 17. dxe5 Qc5 18. Qd4 Qxd4 19. cxd4 g5 20. Bd2 fxe5 21.
Bxg5 Kg7 22. Rad1 Kg6 23. Be7 Rxf7 24. Bxf7+ Kxf7 25. Ba3 e4 26. Rfe1 Re8 27. d5
cxd5 28. Rxd5 Kg6 29. Rd7 Bb6 30. Re7 Rd8 31. R1xe4 Rd2 32. Re2 Rd1+ 33. Kg2 h5
34. Bb4 Rd5 35. Bc3 Rf5 36. Rg7+ 1-0

[Event "40th Olympiad Open"]
[Site "Istanbul TUR"]
[Date "2012.09.03"]
[Round "6.50"]
[Board "2"]
[White "Ahmed, Fuad"]
[Black "Fekadu, Desalegn Jimma"]
[Result "1-0"]
[WhiteElo "1830"]
[BlackElo "2149"]
[WhiteTeam "Maldives"]
[BlackTeam "Ethiopia"]
[WhiteFideId "16700023"]
[BlackFideId "15700070"]
[EventDate "2012.08.28"]

1. d4 Nf6 2. Nf3 d5 3. c4 c6 4. Nc3 e6 5. Bg5 Nbd7 6. e3 Bd6 7. Bd3 O-O 8. O-O
Re8 9. Re1 h6 10. Bh4 a6 11. c5 Bc7 12. e4 g5 13. Bg3 Bxg3 14. hxg3 dxe4 15.
Nxe4 Nxe4 16. Bxe4 Nf6 17. Bc2 b6 18. b4 a5 19. a3 Ba6 20. Ne5 Qc7 21. cxb6 Qxb6
22. Qf3 Kg7 23. Qxf6+ Kxf6 24. Nd7+ Ke7 25. Nxb6 Rad8 26. bxa5 Rxd4 27. Rad1
Red8 28. Rxd4 Rxd4 29. Rd1 e5 30. f3 c5 31. Kf2 Ke6 32. Ke3 f5 33. Rxd4 exd4+
34. Kd2 c4 35. Na4 c3+ 36. Ke1 Bc4 37. a6 Bxa6 38. Nc5+ Kd5 39. Nxa6 Kc4 40. Nb4
f4 41. gxf4 gxf4 42. Nd3 1-0

[Event "40th Olympiad Open"]
[Site "Istanbul TUR"]
[Date "2012.09.03"]
[Round "6.51"]
[Board "1"]
[White "Quinonez Centeno, Carlos David"]
[Black "Ahmed, Ali Layth Ahmed"]
[Result "1-0"]
[WhiteTitle "FM"]
[BlackTitle "FM"]
[WhiteElo "2293"]
[BlackElo "2360"]
[WhiteTeam "Guatemala"]
[BlackTeam "Iraq"]
[WhiteFideId "7300530"]
[BlackFideId "4801920"]
[EventDate "2012.08.28"]

1. e4 c6 2. d4 d5 3. e5 Bf5 4. Nf3 e6 5. Be2 c5 6. O-O Nc6 7. c3 cxd4 8. cxd4
Nge7 9. Nc3 a6 10. h3 h6 11. Be3 Bh7 12. Rc1 Nc8 13. a3 Be7 14. b4 Nb6 15. Nd2
O-O 16. f4 f6 17. Qb3 Kh8 18. Kh1 fxe5 19. fxe5 Bg5 20. Bxg5 Qxg5 21. Nf3 Rxf3
22. Bxf3 Nxd4 23. Qd1 Nf5 24. Re1 Nc4 25. Nxd5 exd5 26. Qxd5 Nfe3 27. Qxb7 Re8
28. Qxa6 Bg8 29. Qa7 Rxe5 30. a4 Rf5 31. Qa8 Nb6 32. Qe4 Rxf3 33. Qxf3 Bd5 34.
Rc5 Qh4 35. Qf8+ Kh7 36. Rxe3 Qg5 37. Rf3 1-0